Namtatva (Record no. 4176)

MARC details
000 -LEADER
fixed length control field 00460cam a2200193ua 4500
001 - CONTROL NUMBER
control field 4365
005 - DATE AND TIME OF LATEST TRANSACTION
control field 20260515113824.0
008 - FIXED-LENGTH DATA ELEMENTS--GENERAL INFORMATION
fixed length control field 111224n ii |||gr||||Z||||||asm
040 ## - CATALOGING SOURCE
Transcribing agency MAIN
082 ## - DEWEY DECIMAL CLASSIFICATION NUMBER
Classification number 398.054162
100 1# - MAIN ENTRY--PERSONAL NAME
Personal name Phukan, Sarat Kumar,
245 11 - TITLE STATEMENT
Title Namtatva
Statement of responsibility, etc. by Sarat Kumar Phukan
250 ## - EDITION STATEMENT
Edition statement 1st.
260 ## - PUBLICATION, DISTRIBUTION, ETC.
Place of publication, distribution, etc. Guwahati:
Name of publisher, distributor, etc. Suprity Phukan,
Date of publication, distribution, etc. 2006.
300 ## - PHYSICAL DESCRIPTION
Extent 233p:
Dimensions 23cm.
653 ## - INDEX TERM--UNCONTROLLED
Uncontrolled term Assamese culture
653 ## - INDEX TERM--UNCONTROLLED
Uncontrolled term Namtatva
942 ## - ADDED ENTRY ELEMENTS (KOHA)
Koha item type Books
Holdings
Withdrawn status Lost status Damaged status Not for loan Home library Current library Shelving location Date acquired Total checkouts Full call number Barcode Date last seen Copy number Price effective from Koha item type Date last checked out
        Naharkatiya College Library Naharkatiya College Library General stacks 09/19/2020   398.054162 | PHU 17163 09/19/2020 1 09/19/2020 Books  
        Naharkatiya College Library Naharkatiya College Library General stacks 09/19/2020 1 398.054162 | PHU 17165 05/16/2025 2 09/19/2020 Books 03/19/2025